| 000 | 01352nam a22003977a 4500 | ||
|---|---|---|---|
| 001 | 0001748 | ||
| 003 | KOHA_MİRAKIL | ||
| 005 | 20260207001251.0 | ||
| 007 | ta | ||
| 008 | 090217b2008 us |||gr||||#||||0|eng | | ||
| 020 |
_a9780073525150 _q(alk. paper) |
||
| 020 |
_a0073525154 _q(alk. paper) |
||
| 020 |
_a9780073348179 _q(set) |
||
| 020 |
_a0073348171 _q(set) _c72,67 |
||
| 040 |
_aTR-BiSEU _btur _cTR-BiSEU _erda |
||
| 041 | 0 | _aeng | |
| 044 | _cus | ||
| 050 |
_aHD69 _b.G73 2008 |
||
| 100 | 1 | _aGray, Clifford F. . | |
| 245 | 1 |
_aProject management : _bthe managerial process/ _cClifford F. Gray ; Clifford F. Gray, Erik W. Larson. |
|
| 264 | 1 |
_aBoston : _bMcGraw-Hill/Irwin _c2008 |
|
| 300 |
_axvi, 589 sayfa: resimli + _e2 CD-ROM (4 3/4 in.). |
||
| 336 |
_ametin _btxt _2rdacontent |
||
| 337 |
_aaracısız _bn _2rdamedia |
||
| 338 |
_acilt _bnc _2rdacarrier |
||
| 490 | 0 | _aThe McGraw-Hill/Irwin series operations and decision sciences | |
| 500 | _aIncludes bibliographical references and index. | ||
| 650 | 0 |
_aProje yönetimi. _91677 |
|
| 650 | 0 |
_aZaman yönetimi. _93702 |
|
| 650 | 0 |
_aRisk yönetimi. _91676 |
|
| 650 | 0 |
_aProject management. _91678 |
|
| 650 | 0 |
_aTime management. _95306 |
|
| 650 | 0 |
_aRisk management. _91679 |
|
| 830 | 0 |
_aThe McGraw-Hill/Irwin series operations and decision sciences _95241 |
|
| 942 |
_2lcc _cBK |
||
| 999 |
_c1735 _d1735 |
||